Statistics for Edmunds.com's 100 Greatest Supercars of All Time (Expensive Car Quiz #5)

Click here to take the quiz!

General Stats

  • This quiz has been taken 332 times
  • The average score is 27 of 100

Answer Stats

RankCar% Correct
12005 Bugatti Veyron
84%
112002 Ferrari Enzo
78%
41992 McLaren F1
72%
282011 Lamborghini Aventador
68%
71987 Ferrari F40
66%
501990 Lamborghini Diablo
65%
812004 Lamborghini Gallardo
63%
511995 Ferrari F50
62%
871999 Pagani Zonda
59%
51974 Lamborghini Countach
59%
272001 Lamborghini Murcielago
58%
532008 Audi R8
54%
142014 McLaren P1
53%
192010 Ferrari 458 Italia
51%
912005 Porsche Carrera GT
50%
21967 Lamborghini Miura LP400
48%
132014 Ferrari LaFerrari
48%
612011 Koenigsegg Agera
47%
241979 BMW M1
46%
232005 Ford GT
44%
152014 Porsche 918 Spyder
43%
602004 Maserati MC12
43%
162011 McLaren MP4-12C
41%
882004 Mercedes-Benz SLR McLaren
41%
522011 Mercedes-Benz SLS AMG
41%
332007 Nissan GT-R (R35)
39%
902012 Pagani Huayra
39%
762012 Ferrari F12 Berlinetta
38%
431984 Ferrari Testarossa and 512 TR and F512 M
37%
442010 Aston Martin Vanquish
36%
221976 Porsche 911 Turbo
35%
571992 Jaguar XJ220
35%
1002000 Saleen S7
35%
262011 Lexus LFA
35%
961977 Aston Martin V8 Vantage
34%
101964 Ford GT40
33%
851992 Bugatti EB110
33%
91962 Ferrari GTO
32%
301984 Ferrari 288 GTO
31%
342010 Aston Martin One-77
31%
181990 Acura NSX
31%
251992 Dodge SRT Viper
30%
391963 Aston Martin DB5
30%
702007 Ferrari 599 Fiorano
30%
722014 Lamborghini Veneno
29%
781961 Jaguar E-Type
29%
81986 Porsche 959
28%
691931 Alfa Romeo 8C
28%
672010 Hennessey Venom GT
26%
31969 Ferrari 365 GTB/4 Daytona
25%
932003 Bentley Continental GT
23%
841993 Porsche 911 GT2
23%
951997 Mercedes-Benz CLK-GTR
22%
481976 Lotus Esprit
21%
751994 Ferrari F355
19%
61954 Mercedes-Benz 300SL
19%
171966 Shelby Cobra 427
17%
581971 De Tomaso Pantera
17%
621996 Ferrari 550 Maranello and 575M Maranello
17%
632009 Aston Martin V12 Vantage
16%
801975 Ferrari 308 GTB and GTS
15%
942007 Ferrari 430 Scuderia
14%
862010 Noble M600
14%
561999 BMW Z8
14%
641967 Maserati Ghibli
13%
381967 Toyota 2000GT
12%
451999 Nissan Skyline GT-R R34
12%
552010 Mercedes-Benz SL65 AMG Black Series
12%
461995 Nissan Skyline GT-R R33
12%
471989 Nissan Skyline GT-R R32
12%
711957 Maserati 3500 GT
10%
971957 BMW 507
9%
312009 Chevrolet Corvette ZR1
9%
981990 Chevrolet Corvette ZR-1
9%
991963 Iso Grifo
8%
741937 Cord 812 Supercharged
8%
121932 Duesenberg SJ
7%
661973 Ferrari Berlinetta Boxer
7%
351957 Jaguar XKSS
7%
591967 De Tomaso Mangusta
7%
201912 Stutz Bearcat
7%
412006 Ferrari P4/5 by Pininfarina
7%
492001 Aston Martin V12 Vanquish
7%
92Ariel Atom 500
7%
731964 Maserati Mistral
6%
791931 Hispano-Suiza J12
5%
831954 Bentley R-Type Continental
5%
681930 Bentley 8-Litre
5%
291967 Ferrari 275 GTB/4
5%
651964 Ferrari 500 America Superfast
5%
371927 Bentley 4-1/2 Litre "Blower Bentley"
5%
211908 Rolls-Royce 40/50 Silver Ghost
5%
821920 Hispano-Suiza H6
4%
401936 Mercedes-Benz 540K Roadster
4%
361959 Ferrari 250 GT Berlinetta SWB
4%
321957 Ferrari 250 Testa Rossa
4%
771987 Ruf CTR Yellowbird
3%
541910 Mercer 35R Raceabout
3%
891935 Auburn 851 Speedster
3%
421967 Alfa Romeo Tipo 33 Stradale
3%

Score Distribution

Percentile by Number Answered

Percent of People with Each Score

Your Score History

You have not taken this quiz